banner-ar

نهاية مدينة فرعونية / (Record no. 44514)

MARC details
000 -الفاتح
حقل البيانات ثابتة الطول 00546nam a2200169Ia 4500
005 - وقت وتاريخ اخر تعامل مع التسجيلة
رقم الضبط 20240530104102.0
008 - عناصر البيانات ثابتة الطول - معلومات عامة
حقل البيانات ثابتة الطول 140319s9999 xx 000 0 ara d
040 ## - مصدر الفهرسة
وكالة الفهرسة الأصلية GCL /
وكالة النسخ GCL
082 04 - رقم تصنيف ديوى العشرى
رقم التصنيف 932.033/
رقم الطبعة 21
رقم المادة ق/أ ن
100 1# - المدخل الرئيسى - إسم شخصى
الإسم الشخصى الحسين مصطفى صالح
245 10 - بيان العنوان
العنوان نهاية مدينة فرعونية /
بيان المسئوليه,etc تاليف الحسين مصطفى صالح
650 04 - المدخل الاضافى بالموضوع-مصطلح موضوعى
مصطلح موضوعي الحضارة الفرعونية
650 04 - المدخل الاضافى بالموضوع-مصطلح موضوعى
مصطلح موضوعي مصر القديمة - تاريخ
942 ## - عناصر المدخل الإضافي( كوها)
مصدر التصنيف او مخطط الترفيف Dewey Decimal Classification
Koha [default] item type كتاب
260 ## - PUBLICATION, DISTRIBUTION, ETC. (IMPRINT)
-- [S.N] :
-- مكتبة مدبولى
Holdings
حالة التراجع حالة الفقد حالة تلف ليس للاعارة المكان المؤقت الموقع الحالى تاريخ الاكتساب اجمالي اﻻعارات رقم الطلب الباركود تاريخ اخر مشاهدة تاريخ تفعيل السعر نوع وعاء كوها
        مكتبة القاهرة الكبرى مكتبة القاهرة الكبرى 03/26/2014   932.033/ق/أ ن 108606 03/26/2014 03/26/2014 كتاب
        مكتبة القاهرة الكبرى مكتبة القاهرة الكبرى 12/03/2014   932.033/ ق/أ ن 158939 12/03/2014 12/03/2014 كتاب
        مكتبة القاهرة الكبرى مكتبة القاهرة الكبرى 12/03/2014   932.033/ ق/أ ن 158940 12/03/2014 12/03/2014 كتاب

Powered By

EGPV